000 00421nam a2200181Ia 4500
001 19549
005 20260306172701.0
008 260306t2013||||xx |||||||||||||| ||spa||
041 _aESP
082 _a340.4
_bF52 T. 2
100 _aFinnis, John
_eAUT
245 0 _aIntention and identity
260 _c2013
300 _axii, 366 páginas :
_c23 cm
650 _aGEN
654 _aCDE
942 _cLIB
_dJUS
_fJUS
_2ddc
_n
999 _c19549
_d19549